[Event "Ronne Jubilaum"]
[Site "Ronne"]
[Date "2001.06.29"]
[Round "8"]
[White "Eidelson, Rakhil"]
[Black "Johansson, Pelle"]
[Result "1/2-1/2"]
[WhiteElo "2280"]
[BlackElo "2078"]
[PlyCount "86"]
[EventDate "2001.06.24"]
[EventType "swiss"]
[EventRounds "9"]
[EventCountry "DEN"]
[SourceTitle "EXT 2023"]
[Source "ChessBase"]
[SourceDate "2022.10.05"]
[SourceVersion "1"]
[SourceVersionDate "2022.10.05"]
[SourceQuality "1"]

1. Nf3 Nf6 2. g3 d5 3. Bg2 Bf5 4. d3 e6 5. 0-0 h6 6. Nbd2 Be7 7. Qe1 Bh7 8. b3 Nbd7 9. Bb2 0-0 10. e4 c6 11. Qe2 a5 12. a3 b5 13. Kh1 a4 14. b4 c5 15. bxc5 Nxc5 16. Nd4 Qd7 17. exd5 Nxd5 18. N2f3 f6 19. Nd2 e5 20. N4f3 Rac8 21. Rfe1 Bd6 22. Rad1 Nb6 23. Nh4 Ne6 24. Ne4 Nd4 25. Bxd4 exd4 26. Nxd6 Qxd6 27. Qe6+ Qxe6 28. Rxe6 Nd7 29. Bd5 Kh8 30. Re2 Ne5 31. Be6 Rc6 32. Bh3 g5 33. f4 gxh4 34. fxe5 fxe5 35. Rxe5 hxg3 36. hxg3 Rxc2 37. Rxb5 Rc3 38. Rb4 Rxd3 39. Rxd3 Bxd3 40. Rxd4 Bc2 41. Bg2 Rc8 42. Be4 Bxe4+ 43. Rxe4 Rc3 1/2-1/2

[Event "Ronne Jubilaum"]
[Site "Ronne"]
[Date "2001.06.27"]
[Round "5"]
[White "Johansson, Pelle"]
[Black "Poulsen, Morten Kjaer"]
[Result "0-1"]
[WhiteElo "2078"]
[BlackElo "1785"]
[PlyCount "154"]
[EventDate "2001.06.24"]
[EventType "swiss"]
[EventRounds "9"]
[EventCountry "DEN"]
[SourceTitle "EXT 2023"]
[Source "ChessBase"]
[SourceDate "2022.10.05"]
[SourceVersion "1"]
[SourceVersionDate "2022.10.05"]
[SourceQuality "1"]

1. d4 d5 2. Nf3 Nf6 3. c4 e6 4. g3 Be7 5. Bg2 0-0 6. 0-0 Nbd7 7. Qc2 c5 8. cxd5 exd5 9. Nc3 b6 10. Bf4 Bb7 11. dxc5 bxc5 12. Ne5 Qc8 13. Bh3 d4 14. Nxd7 Nxd7 15. Ne4 Qc6 16. Bg2 Kh8 17. Bf3 Qb6 18. h4 Nf6 19. Nxf6 Bxf6 20. Bxb7 Qxb7 21. Rab1 Rac8 22. Qc4 Rfe8 23. Rfc1 Qd7 24. Qd3 Qe6 25. Rc2 Qxa2 26. Rbc1 c4 27. Rxc4 Rxc4 28. Qxc4 Qxb2 29. Rc2 Qb1+ 30. Kg2 Qb7+ 31. Qc6 Qxc6+ 32. Rxc6 h6 33. Kf3 Re6 34. Rc7 Re7 35. Rc6 Rd7 36. Ra6 Bd8 37. Ke4 Bb6 38. Kd3 Kg8 39. Bd2 f5 40. Ba5 Bxa5 41. Rxa5 g6 42. Ra6 Kg7 43. Kc4 g5 44. h5 Re7 45. Kxd4 Rxe2 46. Rxa7+ Kf6 47. Ra6+ Re6 48. Ra7 g4 49. Kd3 Kg5 50. Ra5 Rf6 51. Ke3 Kxh5 52. Kf4 Kg6 53. Rb5 Ra6 54. Rb4 Re6 55. Ra4 Re2 56. Ra6+ Kh5 57. Kxf5 Rxf2+ 58. Ke4 Rf3 59. Ra5+ Kg6 60. Ra6+ Rf6 61. Ra5 h5 62. Rb5 Ra6 63. Rb4 Re6+ 64. Kf4 Rf6+ 65. Ke4 h4 66. gxh4 Kh5 67. Ke3 Kxh4 68. Ke2 Kh3 69. Rb8 g3 70. Rh8+ Kg2 71. Rh7 Re6+ 72. Kd1 Kg1 73. Rh8 g2 74. Rh7 Re5 75. Rh8 Kf2 76. Rf8+ Kg3 77. Rg8+ Kf3 0-1

[Event "Ronne Jubilaum"]
[Site "Ronne"]
[Date "2001.06.25"]
[Round "3"]
[White "Johansson, Pelle"]
[Black "Andersen, Kaare Vissing"]
[Result "1/2-1/2"]
[WhiteElo "2078"]
[BlackElo "2312"]
[PlyCount "73"]
[EventDate "2001.06.24"]
[EventType "swiss"]
[EventRounds "9"]
[EventCountry "DEN"]
[SourceTitle "EXT 2023"]
[Source "ChessBase"]
[SourceDate "2022.10.05"]
[SourceVersion "1"]
[SourceVersionDate "2022.10.05"]
[SourceQuality "1"]

1. d4 Nf6 2. Nf3 g6 3. c4 Bg7 4. g3 0-0 5. Bg2 d6 6. 0-0 c5 7. b3 Nc6 8. Bb2 Ne4 9. e3 Bg4 10. h3 Bxf3 11. Bxf3 Ng5 12. Bxc6 bxc6 13. Kg2 Qd7 14. Qg4 Qxg4 15. hxg4 Ne6 16. Nd2 cxd4 17. Bxd4 Nxd4 18. exd4 Bxd4 19. Rad1 c5 20. Nf3 Bg7 21. Rfe1 Rfe8 22. Rd3 a5 23. g5 Kf8 24. Rh1 Kg8 25. Re1 Bf8 26. Nd2 Reb8 27. f4 a4 28. Kf3 axb3 29. axb3 Rb7 30. g4 Bg7 31. f5 Bd4 32. Ke4 f6 33. gxf6 Bxf6 34. Kd5 Ra2 35. Ne4 Rb2 36. Nxf6+ exf6 37. Ree3 1/2-1/2